书目信息 |
| 题名: |
失业保险
|
|
| 作者: | 杨伟民 | |
| 分册: | ||
| 出版信息: | 北京 中国人民大学出版社 2000 |
|
| 页数: | 264 | |
| 开本: | 23cm | |
| 丛书名: | 21世纪社会保障系列教材 | |
| 单 册: | ||
| 中图分类: | F840.61 | |
| 科图分类: | ||
| 主题词: | 保险 | |
| 电子资源: | ||
| ISBN: | 7-300-03412-8 | |
| 000 | 00572nam0 2200205 450 | |
| 001 | 0760515518 | |
| 005 | 20070817164835.51 | |
| 010 | @a7-300-03412-8@d¥23.00 | |
| 100 | @a20070817d km y0chiy0120 ea | |
| 101 | 0 | @achi |
| 200 | 1 | @a失业保险@Ashi ye bao xian@f杨伟民@Fyang wei min |
| 210 | @a北京@c中国人民大学出版社@d2000 | |
| 215 | @a264@d23cm | |
| 225 | 2 | @a21世纪社会保障系列教材 |
| 410 | 0 | @12001 @a21世纪社会保障系列教材 |
| 606 | 0 | @a保险 |
| 690 | @aF840.61@v3 | |
| 701 | 0 | @a杨伟民@Ayang wei min |
| 801 | 0 | @aCN@bPFT@c20070817 |
| 905 | @a213230@dF840.61@eg32@f1 | |
| 失业保险/杨伟民.-北京:中国人民大学出版社,2000 |
| 264;23cm.-(21世纪社会保障系列教材) |
| ISBN 7-300-03412-8:¥23.00 |
| ● |
| 相关链接 |
|
|
|
|
正题名:失业保险
索取号:F840.61/g32
 
预约/预借
| 序号 | 登录号 | 条形码 | 馆藏地/架位号 | 状态 | 备注 |
| 1 | 6502459 | 265024591 | 经管系资料室/ [索取号:F840.61/g32] | 在馆 | |
| 2 | 6502460 | 265024608 | 密集书库-海洋学院/ [索取号:F840.61/g32] | 在馆 |